000 00331nam a22001217a 4500
082 _a428.2
_bWRE
100 _aWren, P.C.
245 _aHigh School English Grammar /
_cP.C. Wren & H. Martin
260 _aKarachi :
_bParamount Publishing Enterprise,
_c2016.
300 _a418 p. ;
_c24 cm.
563 _aHB.
942 _2ddc
_cBK
999 _c616008
_d616008